000 00656 a2200193 4500
005 20080917120755.0
008 080917t xxu||||| |||| 00| 0 eng d
010 _aENG-87790
020 _a8126414278
_c50.00
035 _aEN-71323
037 _bDBAD / PUB
082 _a000
245 _aCurrent quiz book of trivia
_ccompiled by Vijaynath V.
260 _aKottayam
_bD.C. Books
_c2007
270 _cKerala State
_e686 001
300 _a114 p.
_c21 cm ( pbk.)
942 _adpl
_cEN
_k000/CUR
_2ddc
_h000
_mCUR
999 _c7010
_d7010